| 000 | 02770nam0a2200373 i 4500 | ||
|---|---|---|---|
| 001 | RU\NLR\BIBL_A\010731598 | ||
| 005 | 20240921205941.0 | ||
| 010 |
_a9785725327717 _9300 |
||
| 021 |
_aRU _b2015-15117 _9917 |
||
| 035 | _a(NILC)RuMoRGB-007884961 | ||
| 035 | _a(NLR Aleph) 010731598 | ||
| 090 |
_a9866922 _c9866922 |
||
| 100 | _a20150417d2014 km y0rusy50 ca | ||
| 101 | 0 |
_arus _aeng |
|
| 102 | _aRU | ||
| 105 | _aa|||z|||100yy | ||
| 200 | 1 |
_aПроблемы экономики и управления строительством в условиях экологически ориентированного развития _dThe Problems of the construction economics and management in environmentally sustainable development _eматериалы всероссийской научно-практической онлайн-конференции с международным участием и элементами научной школы для молодежи, 9-10 апреля 2014 года _f[редкол. : д.э.н., проф. Г. В. Хомкалов и др.] _zeng |
|
| 210 |
_aИркутск _cИзд-во БГУЭП _d2014 |
||
| 215 |
_a415 с. _cил., табл. _d20 |
||
| 300 | _aВ надзаг.: М-во образования и науки Российской Федерации, Байкальский гос. ун-т экономики и права | ||
| 300 | _aТекст рус., англ. | ||
| 320 | _aБиблиогр. в конце ст. | ||
| 510 | 1 |
_aProblems of the construction economics and management in environmentally sustainable development _zeng |
|
| 606 | 1 |
_aСтроительная промышленность _jСъезды, совещания и т.п _xЭкономика _91800683 _3RU\NLR\AUTH\661104971 |
|
| 606 | 1 |
_aСтроительная промышленность _jСъезды, совещания и т.п _xЭкологические исследования _92123806 _3RU\NLR\AUTH\661282140 |
|
| 686 | 1 | _aУ31(2)я431 | |
| 686 | 1 | _aУ28(2)531я431 | |
| 702 | 1 |
_aХомкалов _bГ. В. _gГеннадий Владимирович _4340 |
|
| 711 | 1 | 2 |
_a"Проблемы экономики и управления строительством в условиях экологически ориентированного развития", всероссийская научно-практическая онлайн-конференция с международным участием и элементами научной школы для молодежи _eИркутск и др. _f2014 _9462124 _3RU\NLR\AUTH\880397738 |
| 801 | 0 |
_aRU _bРГБ _c20150312 _gRCR |
|
| 942 | _cBOOK | ||
| 980 | _aNBR | ||